000
00297nam a22001217a 4500
008
170621b xxu||||| |||| 00| 0 eng d
041
_a
eng
080
_a
94
100
_a
20
101
_a
SHP
245
_a
BRITISH PUBLIC FINANCE AND ADMINISTRATIION 1774 /92
_c
BINNEY.J.E.D
942
_2
udc
_c
BK
999
_c
18388
_d
18388